000 00632cam a22002173a 4500
001 39833
003 PGUSA
005 20140828083904.0
008 120528s2012||||xxu|||||s|||||000 | eng d
040 _aPGUSA
_beng
042 _adc
100 1 _aMolesworth,
_cMrs,
_d1839-1921
245 1 4 _aThe Old Pincushion ;
_bor, Aunt Clotilda's Guests
_h[electronic resource] /
_cMolesworth,
260 _bProject Gutenberg,
_c2012
506 _aPublic domain in the USA.
516 _aElectronic text
700 1 _aHope, Adrian
_cMrs
830 0 _aProject Gutenberg
_v39833
856 4 0 _uhttp://www.gutenberg.org/ebooks/39833
942 _cEB
999 _c269086
_d269086